004260000a2200133000450024500410000065000170004165000180005865000210007665100100009765300510010704100130015810000240017177300970019510aBerberidaceae: berberis actinacantha14aVegetación14aFitoquímica14aPlantas útiles 4pChile fBerberidaceaegBerberiseBerberis actinacantha0 aInglés1 aHoffman, Forrest M.1 tEspecies Vegetales Promisorias de los Paises del Convenio Andrés Bello3363q57-125d1985?